Densely Populated Countries Per Continent Quiz Stats

 Plays Quiz Updated Feb 21, 2013

Challenge
Share
Tweet
Embed
Score 0/31 Timer 05:00
4 Plays Today
Continent Country % Correct
South AmericaBrazil (23 people/km^2)
74.4%
South AmericaChile (23 people/km^2)
72.2%
South AmericaPeru (23 people/km^2)
72.1%
EuropeVatican City (1,900 people/km^2)
71.3%
South AmericaColombia (42 people/km^2)
70.2%
EuropeMonaco (17,704 people/km^2)
70.2%
South AmericaVenezuela (33 people/km^2)
66.7%
South AmericaEcuador (58 people/km^2)
64.1%
North AmericaHaiti (363 people/km^2)
63.8%
AsiaSingapore (7,525 people/km^2)
63%
EuropeSan Marino (526 people/km^2)
60.1%
AfricaNigeria (174 people/km^2)
56.3%
AsiaBangladesh (1,142 people/km^2)
49.5%
OceaniaNauru (447 people/km^2)
46.1%
OceaniaTuvalu (328 people/km^2)
45%
OceaniaTonga (145 people/km^2)
42.8%
Continent Country % Correct
EuropeMalta (1,300 people/km^2)
42.7%
EuropeNetherlands (493 people/km^2)
42.6%
AfricaRwanda (431 people/km^2)
41.9%
North AmericaEl Salvador (299 people/km^2)
41.4%
North AmericaBarbados (636 people/km^2)
40.7%
OceaniaMarshall Islands (300 people/km^2)
40.6%
OceaniaMicronesia (159 people/km^2)
38.7%
North AmericaSaint Lucia (285 people/km^2)
36.7%
AsiaBahrain (1,660 people/km^2)
35.2%
North AmericaGrenada (307 people/km^2)
34.4%
AfricaBurundi (326 people/km^2)
32.1%
AsiaMaldives (1,053 people/km^2)
29.1%
AsiaPalestine (649 people/km^2)
28.4%
AfricaComoros (395 people/km^2)
28.4%
AfricaMauritius (631 people/km^2)
26%

You're not logged in!

Compare scores with friends on all Sporcle quizzes.
Join for Free
OR
Log In

You Might Also Like...

Show Comments

Extras

Top Quizzes Today


Score Distribution

Your Account Isn't Verified!

In order to create a playlist on Sporcle, you need to verify the email address you used during registration. Go to your Sporcle Settings to finish the process.

Report this User

Report this user for behavior that violates our Community Guidelines.

Details: